[Event "Challenge"]
[Site "http://www.queenalice.com/game.php?id=1772621"]
[Date "2021.10.19"]
[Round "-"]
[White "Marcoso"]
[Black "MiguelGuerraARU"]
[Result "0-1"]
[WhiteElo "1132"]
[BlackElo "1898"]

1. e4 e6 2. Nf3 d5 3. Bb5+ Bd7 4. Nd4 Bxb5 5. Nc3 Ba6 6. d3 dxe4 7. Nxe4 Qxd4 8.
c3 Qd7 9. f3 Nc6 10. Bf4 e5 11. Be3 O-O-O 12. O-O Be7 13. Rc1 Qxd3 14. Nd6+ Rxd6
15. Bxa7 Qxd1 16. Rcxd1 Rxd1 17. Rxd1 Nh6 18. b4 b6 19. c4 Rd8 20. Re1 Bxb4 21.
Rb1 Bxc4 22. a3 Bc5+ 23. Kh1 Nb4 24. axb4 Bxb4 25. Kg1 Kb7 26. Ra1 Ba5 27. Rc1
Kxa7 28. Kf2 b5 29. Ra1 Kb6 30. Re1 Bxe1+ 31. Kxe1 b4 32. Kf2 Nf5 33. g4 Rd2+
34. Ke1 Rd4 35. gxf5 b3 36. Kf2 b2 37. Ke3 Rd3+ 38. Ke4 b1=Q 39. Kxe5 Qe1+ 40.
Kf4 Qe3+ 41. Kg3 Qxf3+ 42. Kh4 Qh3+ 43. Kg5 f6+ 44. Kf4 Qf3# 0-1

[Event "Challenge"]
[Site "http://www.queenalice.com/game.php?id=1772623"]
[Date "2021.10.19"]
[Round "-"]
[White "MiguelGuerraARU"]
[Black "Marcoso"]
[Result "1-0"]
[WhiteElo "1790"]
[BlackElo "1180"]

1. e4 e5 2. Nf3 Nc6 3. Bc4 Nf6 4. d3 Bb4+ 5. c3 O-O 6. O-O Bc5 7. d4 Nxe4 8.
dxc5 Qe7 9. Be3 b5 10. Bd5 Bb7 11. Bxe4 f5 12. Bxc6 Bxc6 13. Qb3+ Rf7 14. Ng5 d5
15. cxd6 cxd6 16. Nxf7 d5 17. Nd2 Qxf7 18. Rfe1 Re8 19. f4 Re6 20. Nf3 e4 21.
Ng5 Qf6 22. Nxe6 Qxe6 23. Rad1 Qg6 24. Qb4 Kf7 25. Bc5 d4 26. Bf8 Kf6 27. Qe7#
1-0

[Event "Miguel Guerra"]
[Site "http://www.queenalice.com/game.php?id=1772730"]
[Date "2021.10.20"]
[Round "-"]
[White "MiguelGuerraARU"]
[Black "FrankBeckerokay"]
[Result "0-1"]
[WhiteElo "1790"]
[BlackElo "2189"]

1. e4 c5 2. Nf3 d6 3. d4 cxd4 4. Nxd4 Nf6 5. Nc3 a6 6. Bc4 e6 7. O-O Qc7 8. Qe2
b5 9. Bd3 Be7 10. Bg5 Bb7 11. Rfe1 Nbd7 12. Rad1 O-O 13. Qd2 Rac8 14. Re3 b4 15.
Nce2 Qb6 16. Rc1 Rfe8 17. f4 h6 18. Bh4 Nxe4 19. Bxe4 Bxh4 20. Bxb7 Qxb7 21. g3
Bd8 22. Kf1 Nf6 23. c3 Bb6 24. Rd3 e5 25. fxe5 dxe5 26. Nf5 Qh1+ 0-1

[Event "AUTO-OPEN-4317"]
[Site "http://www.queenalice.com/game.php?id=1772856"]
[Date "2021.10.22"]
[Round "1"]
[White "maurice91"]
[Black "MiguelGuerraARU"]
[Result "1-0"]
[WhiteElo "1870"]
[BlackElo "1898"]

1. d4 Nf6 2. c4 g6 3. Nc3 d5 4. cxd5 Nxd5 5. e4 Nxc3 6. bxc3 Bg7 7. Be3 c5 8.
Ne2 O-O 9. g3 e5 10. d5 b6 11. c4 Ba6 12. Nc3 Nd7 13. Qa4 Qc8 14. Be2 Rb8 15.
Rb1 Rd8 16. Nb5 Bxb5 17. Qxb5 h5 18. O-O a6 19. Qb2 b5 20. Qc2 b4 21. Qa4 Nb6
22. Qc2 a5 23. f4 exf4 24. Bxf4 Rb7 25. Bf3 f6 26. Bg2 f5 27. e5 1-0

[Event "AUTO-OPEN-4317"]
[Site "http://www.queenalice.com/game.php?id=1772857"]
[Date "2021.10.22"]
[Round "1"]
[White "MiguelGuerraARU"]
[Black "maurice91"]
[Result "1-0"]
[WhiteElo "1788"]
[BlackElo "1757"]

1. e4 e6 2. d4 d5 3. Nc3 dxe4 4. Nxe4 b6 5. Bc4 Bb7 6. Qd3 Nc6 7. Nf3 Be7 8. O-O
Nf6 9. Bf4 O-O 10. a3 Rb8 11. Nc3 Nd5 12. Bxd5 exd5 13. Ne5 f6 14. Ng4 a6 15.
Ne3 b5 16. Ncxd5 Bd6 17. Bxd6 Qxd6 18. Rfe1 Rbe8 19. Nc3 Nd8 20. d5 Nf7 21. Nf5
Rxe1+ 22. Rxe1 Qc5 23. Qd4 Qxd4 24. Nxd4 Ne5 25. f4 Ng6 26. Kf2 Bc8 27. Kf3 h5
28. h3 Bd7 29. g4 hxg4+ 30. hxg4 Kf7 31. f5 Ne5+ 32. Kg3 Re8 33. Nf3 Nxf3 34.
Rxe8 Bxe8 35. Kxf3 c6 36. dxc6 Bxc6+ 37. Ne4 g6 38. fxg6+ Kxg6 39. Kf4 Bd7 40.
c3 Be6 41. Nc5 Bc8 42. b4 Kf7 43. a4 bxa4 44. Nxa4 Bb7 45. Nc5 Bc8 46. c4 1-0

[Event "AUTO-OPEN-4317"]
[Site "http://www.queenalice.com/game.php?id=1772876"]
[Date "2021.10.22"]
[Round "1"]
[White "alfonso"]
[Black "MiguelGuerraARU"]
[Result "0-1"]
[WhiteElo "1284"]
[BlackElo "1845"]

1. e4 c5 2. Bc4 d6 3. Qf3 Nf6 4. h3 e6 5. Ne2 Nc6 6. Bb5 Be7 7. d3 O-O 8. Qg3
Bd7 9. c3 d5 10. e5 Nxe5 11. a4 Bxb5 12. axb5 Qc7 0-1

[Event "AUTO-OPEN-4317"]
[Site "http://www.queenalice.com/game.php?id=1772877"]
[Date "2021.10.22"]
[Round "1"]
[White "MiguelGuerraARU"]
[Black "alfonso"]
[Result "1-0"]
[WhiteElo "1814"]
[BlackElo "1284"]

1. e4 e5 2. Nf3 Qf6 3. Bc4 Nc6 4. Nc3 Qg6 5. O-O Na5 6. d3 d6 7. Re1 Nf6 8. Bd2
Bh3 9. g3 Bg4 10. b4 Nxc4 11. dxc4 O-O-O 12. a4 h6 13. b5 b6 14. Kg2 1-0

[Event "AUTO-OPEN-4317"]
[Site "http://www.queenalice.com/game.php?id=1772888"]
[Date "2021.10.22"]
[Round "1"]
[White "MiguelGuerraARU"]
[Black "MMA34"]
[Result "1/2-1/2"]
[WhiteElo "1889"]
[BlackElo "1946"]

1. e4 c6 2. d4 d5 3. e5 Bf5 4. Nc3 e6 5. Bd3 Bg6 6. Nf3 a6 7. O-O c5 8. dxc5
Bxc5 9. Bf4 Ne7 10. a3 b5 11. b4 Bb6 12. a4 Nd7 13. axb5 d4 14. Ne2 axb5 15.
Nexd4 Nd5 16. Bxb5 O-O 17. Be3 Nxb4 18. Nc6 Nxc6 19. Bxc6 Bxe3 20. fxe3 Rxa1 21.
Qxa1 Qc7 22. Bxd7 Qxd7 23. Rc1 Rc8 24. c4 Qd3 25. Qc3 Be4 26. Qxd3 Bxd3 27. c5
Be4 28. Kf2 f5 29. exf6 gxf6 30. g4 Kf7 31. Nd2 Bd3 32. Rc3 Ba6 33. Ne4 Ke7 34.
c6 Bb5 35. c7 Ba6 36. Rc6 Bb7 37. Rc4 Bxe4 38. Rxe4 Rxc7 39. Kf3 Rc2 40. h4 Rc1
1/2-1/2

[Event "AUTO-OPEN-4317"]
[Site "http://www.queenalice.com/game.php?id=1772889"]
[Date "2021.10.22"]
[Round "1"]
[White "MMA34"]
[Black "MiguelGuerraARU"]
[Result "0-1"]
[WhiteElo "1885"]
[BlackElo "1790"]

1. d4 Nf6 2. c4 g6 3. Nf3 d5 4. Nc3 Bg7 5. e3 O-O 6. Qb3 b6 7. Be2 Bb7 8. O-O
dxc4 9. Qxc4 Nc6 10. b3 Qd7 11. Bb2 Na5 12. Qd3 Rfd8 13. Rfd1 a6 14. Rac1 b5 15.
Ne5 Qf5 16. Qxf5 gxf5 17. Ba3 Bf8 18. Bb4 Nc6 19. Nxc6 Bxc6 20. f3 e6 21. Bf1
Bxb4 22. Nb1 Rd6 23. a3 Ba5 24. b4 Bb6 25. Rd2 Re8 26. Rdc2 Ba8 27. Nd2 Nd5 28.
Kf2 f4 29. Ne4 fxe3+ 30. Kg1 Bxd4 31. Be2 Rb6 32. Kh1 Kg7 33. g4 Nf4 34. g5 Bxe4
35. fxe4 Nxe2 36. Rxe2 Rc8 37. h4 c5 38. bxc5 Rxc5 39. Rec2 Rbc6 0-1

[Event "AUTO-OPEN-4319"]
[Site "http://www.queenalice.com/game.php?id=1773529"]
[Date "2021.10.30"]
[Round "1"]
[White "Pin"]
[Black "MiguelGuerraARU"]
[Result "1-0"]
[WhiteElo "1915"]
[BlackElo "1845"]

1. e4 c6 2. d4 d5 3. e5 Bf5 4. Bd3 Bxd3 5. Qxd3 e6 6. Nf3 c5 7. c3 Nc6 8. O-O
Be7 9. a3 f6 10. Bf4 cxd4 11. cxd4 fxe5 12. Bxe5 Bf6 13. Nc3 Nge7 14. Rfe1 Bxe5
15. Nxe5 Nxe5 16. Rxe5 O-O 17. Rxe6 Rc8 18. Rae1 Rf7 19. g3 Rc6 20. R6e5 1-0

[Event "AUTO-OPEN-4319"]
[Site "http://www.queenalice.com/game.php?id=1773530"]
[Date "2021.10.30"]
[Round "1"]
[White "MiguelGuerraARU"]
[Black "Pin"]
[Result "0-1"]
[WhiteElo "1815"]
[BlackElo "1864"]

1. e4 c5 2. Nf3 d6 3. d4 cxd4 4. Nxd4 Nf6 5. Nc3 a6 6. Be2 e5 7. Nf3 Be6 8. Be3
Be7 9. O-O O-O 10. a4 Nc6 11. Ng5 Bd7 12. Nd5 h6 13. Nxe7+ Nxe7 14. Nf3 Ng4 15.
Qxd6 Nxe3 16. fxe3 f6 17. Rfd1 Bc6 18. Qxd8 Raxd8 19. Rxd8 Rxd8 20. Bd3 Kf8 21.
Kf2 Nc8 22. Nh4 Ne7 23. b3 g5 24. Nf5 Nxf5 25. exf5 Ke7 26. g3 g4 27. Ke2 b5 28.
axb5 axb5 29. Ra7+ Rd7 30. Rxd7+ Kxd7 31. c3 e4 32. Bb1 Kd6 33. b4 Bd5 34. Kd2
Ke5 35. Kc2 Kxf5 36. Kb2 Ke5 37. Ba2 Bxa2 38. Kxa2 Kd5 39. Kb3 f5 40. Kc2 Kc4
41. Kb2 Kd3 42. Kb3 Kxe3 0-1

[Event "AUTO-OPEN-4319"]
[Site "http://www.queenalice.com/game.php?id=1773549"]
[Date "2021.10.30"]
[Round "1"]
[White "mitsho"]
[Black "MiguelGuerraARU"]
[Result "1/2-1/2"]
[WhiteElo "1832"]
[BlackElo "1814"]

1. d4 d5 2. c4 c6 3. e3 Bf5 4. Nf3 Nf6 5. cxd5 cxd5 6. Bb5+ Nc6 7. O-O e6 8. Nc3
Be7 9. Ne5 O-O 10. Bxc6 bxc6 11. Nxc6 Qc7 12. Nxe7+ Qxe7 13. b3 Ne4 14. Nxe4
Bxe4 15. Bb2 Qg5 16. f3 Bg6 17. Rc1 Qxe3+ 18. Rf2 Rac8 19. Rxc8 Rxc8 20. Qd2
Qxd2 21. Rxd2 f6 22. g4 Kf7 23. Kg2 h6 24. Kg3 Bh7 25. f4 g5 26. fxg5 hxg5 27.
h4 gxh4+ 28. Kxh4 Rc2 29. Rxc2 Bxc2 30. g5 fxg5+ 31. Kxg5 a5 1/2-1/2

[Event "AUTO-OPEN-4319"]
[Site "http://www.queenalice.com/game.php?id=1773550"]
[Date "2021.10.30"]
[Round "1"]
[White "MiguelGuerraARU"]
[Black "mitsho"]
[Result "0-1"]
[WhiteElo "1812"]
[BlackElo "1813"]

1. e4 c5 2. Nf3 Nc6 3. d4 cxd4 4. Nxd4 Nf6 5. Nc3 e5 6. Nf3 Bb4 7. Bc4 a6 8. Be3
b5 9. Bb3 Bb7 10. O-O O-O 11. Qd2 Na5 12. Rfd1 Nxb3 13. axb3 Nxe4 14. Qxd7 Nxc3
15. bxc3 Bxc3 16. Rab1 Be4 17. Qxd8 Raxd8 18. Rxd8 Rxd8 19. Rc1 f5 20. Kf1 f4
21. Bc5 Rd5 0-1

[Event "AUTO-OPEN-4319"]
[Site "http://www.queenalice.com/game.php?id=1773561"]
[Date "2021.10.30"]
[Round "1"]
[White "MiguelGuerraARU"]
[Black "Carlos19"]
[Result "1-0"]
[WhiteElo "1781"]
[BlackElo "1466"]

1. e4 e5 2. Nf3 Nc6 3. Bc4 Nf6 4. d3 Bc5 5. O-O h6 6. Re1 O-O 7. c3 d6 8. d4
exd4 9. cxd4 Bb4 10. Nc3 a6 11. Bf4 Bxc3 12. bxc3 b5 13. Bb3 Bg4 14. h3 Be6 15.
d5 Na5 16. dxe6 fxe6 17. Qc2 d5 18. exd5 exd5 19. Rad1 c6 20. Be5 Nxb3 21. axb3
a5 22. Bxf6 Qxf6 23. Qd3 b4 24. cxb4 axb4 25. Qd4 Qf5 26. Qb6 Rae8 27. Qxc6
Rxe1+ 28. Rxe1 g5 29. Re8 Qb1+ 30. Kh2 Rxe8 31. Qxe8+ Kg7 32. Qd7+ Kh8 33. Qxd5
Qb2 34. Qd4+ Qxd4 35. Nxd4 Kg7 36. Nc6 Kg6 37. Nxb4 h5 38. Nd3 g4 39. hxg4 hxg4
40. b4 1-0

[Event "AUTO-OPEN-4319"]
[Site "http://www.queenalice.com/game.php?id=1773562"]
[Date "2021.10.30"]
[Round "1"]
[White "Carlos19"]
[Black "MiguelGuerraARU"]
[Result "0-1"]
[WhiteElo "1445"]
[BlackElo "1775"]

1. e4 c6 2. d4 d5 3. e5 Bf5 4. Bd3 Bxd3 5. Qxd3 e6 6. Nf3 c5 7. Qb5+ Qd7 8.
Qxd7+ Nxd7 9. dxc5 Bxc5 10. O-O f6 11. exf6 Ngxf6 12. h3 O-O 13. Nc3 Rac8 14.
Re1 Rfe8 15. Ne5 Nxe5 16. Rxe5 Bd4 17. Rg5 Bxc3 18. bxc3 Kf7 19. Bd2 Ne4 20. Rh5
Nxd2 21. Rxh7 Rxc3 22. Rc1 Rec8 23. Rd1 Rxc2 24. a4 a6 25. g4 Nf3+ 26. Kg2 Ng5
27. Rh5 Ne4 28. Rf1 R2c4 29. f3 Rc2+ 30. Kh1 Ng3+ 31. Kg1 Ra2 32. Rb1 Nxh5 33.
g5 Rcc2 34. Rxb7+ Kg6 35. Rb1 Ng3 36. h4 Rg2# 0-1

[Event "Challenge"]
[Site "http://www.queenalice.com/game.php?id=1777540"]
[Date "2021.12.18"]
[Round "-"]
[White "MiguelGuerraARU"]
[Black "FrankBeckerokay"]
[Result "0-1"]
[WhiteElo "1795"]
[BlackElo "2413"]

1. e4 c5 2. Nf3 d6 3. d4 cxd4 4. Nxd4 Nf6 5. Nc3 a6 6. Be3 e5 7. Nb3 Be6 8. Qd2
Nbd7 9. O-O-O Be7 10. Kb1 Ng4 11. f3 Nxe3 12. Qxe3 O-O 13. Be2 b5 14. g4 Rc8 15.
h4 Qc7 16. a3 Nb6 17. Rdg1 d5 18. exd5 Nxd5 19. Qd3 Nxc3+ 20. Qxc3 Qxc3 21. bxc3
Rxc3 22. Kb2 Rfc8 23. Bd3 Bxb3 0-1

[Event "Challenge"]
[Site "http://www.queenalice.com/game.php?id=1784333"]
[Date "2022.3.8"]
[Round "-"]
[White "RAFAELI"]
[Black "MiguelGuerraARU"]
[Result "1-0"]
[WhiteElo "1750"]
[BlackElo "1787"]

1. e4 c6 2. Bc4 d5 3. exd5 cxd5 4. Bb3 e5 5. Qh5 Nc6 6. Nc3 Nf6 7. Qe2 Bb4 8. a3
Ba5 9. Nf3 Bc7 10. O-O O-O 11. h3 1-0